Central Library OPAC University of Rajshahi

Contemporary history in Europe / (Record no. 24958)

MARC details
000 -LEADER
fixed length control field 01200nam a2200289 a 4500
001 - CONTROL NUMBER
control field 24958
003 - CONTROL NUMBER IDENTIFIER
rucl marc code BD-RjUL
005 - DATE AND TIME OF LATEST TRANSACTION
control field 20211209050818.0
008 - FIXED-LENGTH DATA ELEMENTS--GENERAL INFORMATION
fixed length control field 140315s1969 enk 100 0 eng
020 ## - INTERNATIONAL STANDARD BOOK NUMBER
International Standard Book Number 0049400274
035 ## - SYSTEM CONTROL NUMBER
System control number (BD-RjUL)25027
040 ## - CATALOGING SOURCE
Original cataloging agency DLC
Transcribing agency DLC
Modifying agency BD-RjUL
Language of cataloging eng
041 ## - LANGUAGE CODE
Language code of text/sound track or separate title eng
082 00 - DEWEY DECIMAL CLASSIFICATION NUMBER
Classification number 940.072
Author mark and year CON 1969
245 00 - TITLE STATEMENT
Title Contemporary history in Europe /
Statement of responsibility, etc. edited by Donald Cameron Watt under the auspices of the Institute of Contemporary History and Wiener Library, London ; introduction by Alan Bullock.
260 ## - PUBLICATION, DISTRIBUTION, ETC. (IMPRINT)
Place of publication, distribution, etc. London :
Name of publisher, distributor, etc. George Allen and Unwin,
Date of publication, distribution, etc. c1969.
300 ## - PHYSICAL DESCRIPTION
Pagination 351 p. ;
Size 23 cm.
500 ## - GENERAL NOTE
General note "The papers here reprinted appear in the form in which they were originally delivered to the [international conference on contemporary history] in October 1966, or printed in the Journal of Contemporary History"--Acknowledgements.
504 ## - BIBLIOGRAPHY, ETC. NOTE
Bibliography, etc Includes bibliographical references.
650 #0 - SUBJECT ADDED ENTRY--TOPICAL TERM
Topical term or geographic name as entry element Historiography
Geographic subdivision Europe.
9 (RLIN) 76771
Topical term or geographic name as entry element History
General subdivision Research.
9 (RLIN) 1836
700 1# - ADDED ENTRY--PERSONAL NAME
Personal name Watt, Donald Cameron.
710 2# - ADDED ENTRY--CORPORATE NAME
Corporate name or jurisdiction name as entry element Institute of Contemporary History.
9 (RLIN) 76773
Corporate name or jurisdiction name as entry element Wiener Library.
9 (RLIN) 76774
942 ## - ADDED ENTRY ELEMENTS (KOHA)
Source of classification or shelving scheme Dewey Decimal Classification
Koha item type Books
Holdings
Lost status Source of classification or shelving scheme Damaged status Not for loan Collection code Permanent Location Current Location Shelving location Date acquired Source of acquisition Cost, normal purchase price Total Checkouts Full call number Date last seen Copy number Koha item type
  Dewey Decimal Classification   Added to bundle Non-fiction Central Library, University of Rajshahi Central Library, University of Rajshahi Reading Room 17/09/1970 Zeitlinger 60.00   940.072 CON 1969 15/03/2014 C-1 Books